000 01177nam a2200265 4500
001 13362
005 20251001092602.0
008 251001b |||||||| |||| 00| 0 eng d
020 _a0281027897
020 _a9780281027897
040 _aBSULIB
082 _a270
_bFOS
100 _aFoster, John
_925957
245 _aChurch History 2: Setback and Recovery:
_b AD 500 - 1500/
_cJohn Foster
260 _aLondon:
_bSPCK;
_c1989.
300 _axiv, 202p.
_bill.
_c22cm
440 _aTEF 8
_925964
505 _asetback in the West: Fall of the Western Roman Empire --Setback in the East: Rise of Islam and Arab Invasions --The church and the Anglo-Saxons --The church of the East reaches China --The Franks and the Pope: The Greek church and the Slavs --Muslims, Mongols, Crusades and Friars --Church Life in the middle Ages --Schoolmen and universities --Popes in power: the dea of Christendom --Movements for Reform --More setbacks --Prospects of a New Age: New Learning and a new world
650 _2Church history
650 _2Crusades
650 _2Popes and Christendom
650 _2|Anglo-Saxons
650 _2Movements for reform
942 _2ddc
_cBK
999 _c13362
_d13362